Pla de desenvolupament directiu
Publicado:
Barcelona :
Diputació de Barcelona. Àrea de Govern Local. Direcció dels Serveis de Recursos Humans. Oficina de Desenvolupament de Recursos Humans ,
2007
Descripción Física:
17 p. : gràf. ; 30 cm
Materias:
Aptitud per a la direcció
MARC
| LEADER | 00000nam a2200000Ia 4500 | ||
|---|---|---|---|
| 001 | 20924 | ||
| 003 | BGR | ||
| 005 | 20260324180039.0 | ||
| 008 | 160829s2007 xx 000 0 cat d | ||
| 080 | |a FU-23-33 | ||
| 245 | |a Pla de desenvolupament directiu | ||
| 260 | |a Barcelona : |b Diputació de Barcelona. Àrea de Govern Local. Direcció dels Serveis de Recursos Humans. Oficina de Desenvolupament de Recursos Humans, |c 2007 | ||
| 300 | |a 17 p. : |b gràf. ; |c 30 cm | ||
| 650 | |a Aptitud per a la direcció |9 45107 | ||
| 710 | 1 | |a Barcelona (Catalunya : Província). |b Diputació |b Oficina de Desenvolupament de Recursos Humans |9 52408 | |
| 901 | |a Arxiu | ||
| 942 | |n 1 |2 udc |c MON | ||
| 952 | |0 0 |1 0 |4 0 |6 FU2333 |7 1 |9 52095 |a Arxiu |b Arxiu |d 2016-12-01 |l 0 |o FU-23-33 |p 20924 |r 2016-12-01 00:00:00 |w 2016-12-01 |y ARXIU | ||
| 999 | |c 55943 |d 55943 | ||